Responses for show #4109 - Thursday, June 13, 2002

Contestants

Matt Heller, a high school teacher from Chicago, Illinois

Nicole Raymond, a defense contractor from Alexandria, Virginia

Rich Rosenlof, a sales representative from Sacramento, California (whose 2-day cash winnings total $59,800)

Jeopardy! Round responses

THE COLD WAR YEARS
FOLLOW THE LEADER
COUNTRY COOKBOOKS
NEW TO THE INVENTORS HALL OF FAME
LAST NAME'S THE SAME
"QUE" TIPS
    $200 1
Castro

Nicole
    $200 7
pilot

Matt
    $200 3
The Andy Griffith Show

Nicole
    $200 26
Scotchgard

Matt
    $200 15
Brooks

Matt
    $200 11
antique

Matt
    $400 2
Sputnik

Matt
    $400 22
(Nicole: What is the clarinet?)
(Rich: What are the drums?)

trumpet

RichNicole
Triple Stumper
    $400 8
(Matt: Who is Judd?)
(Alex: Be more specific.)
(Matt: Who is [*]?)

Naomi Judd

Matt
    $400 27
(Rich: What is a keyboard?)

typewriter

RichMatt
    $400 18
Smith

Nicole
    $400 13
opaque

Nicole
    $600 4
under God

Rich
    $600 23
trailblazer

Rich
    $600 9
Granny

Matt
    $600 28
balloon

Matt
    $600 19
Jackson

Matt
    $1,200 14
pique

Nicole
    $800 5
Domino Theory

Nicole
    $800 24
rabbit

Rich
    $800 10
Tammy Wynette

Nicole
    $800 29
DNA

Rich
    $800 20
Turner

Matt
    $800 16
Mystique

Nicole
    $1000 6
Marshall Plan

Rich
    $1000 25
scout (point)

Matt
    $1000 12
Alison Krauss

Triple Stumper
    $1000 30
lubrication

Triple Stumper
    $1000 21
Jones

Rich
    $1000 17
torque

Nicole

Scores at the first commercial break (after clue 14):

Rich Nicole Matt
$1,600 $3,600 $1,800

Scores at the end of the Jeopardy! Round:

Rich Nicole Matt
$4,000 $5,400 $5,600

Double Jeopardy! Round responses

GREAT BRITS
ON YOUR TOES
NO DOUBT, IT'S THOMAS
B WHERE
FOUR
"ALL" WE KNOW
    $400 3
Churchill

Matt
    $400 2
barres

Rich
    $400 1
Kristin Scott Thomas

Nicole
    $400 16
(Nicole: What is Dublin?)

London

RichNicole
    $400 21
4-wheel drive

Matt
    $400 26
alliteration

Rich
    $800 4
Wellington

Matt
    $800 11
Nureyev

Nicole
    $800 8
Thomas Paine

Nicole
    $800 17
Indonesia

Rich
    $800 22
France

Matt
    $800 27
Allegheny

Matt
    $1200 5
Darwin

Rich
    $1200 12
Chicago

Matt
    $1200 9
Thomas Hardy

Triple Stumper
    $1200 18
Germany

Matt
    $1200 23
hand

Rich
    $1200 28
alliance

Matt
    $1600 6
John Keats

Triple Stumper
    $1600 14
Petrushka

Triple Stumper
    $3,000 10
Thomas Lipton

Nicole
    $1600 19
South Africa

Rich
    $1,000 24
(Rich: What is Crete?)

Lesbos

Rich
    $1600 29
Allosaurus

Matt
    $2000 7
Sir Richard Burton

Triple Stumper
    $2000 15
Diaghilev

Triple Stumper
    $2000 13
Dylan Thomas

Rich
    $2000 20
Oregon

Triple Stumper
    $2000 25
tetrahedron

Rich
    $2000 30
all-seeing eye

Triple Stumper

Scores at the end of the Double Jeopardy! Round:

Rich Nicole Matt
$13,000 $10,000 $14,000

[wagering suggestions for these scores]

Final Jeopardy! Round responses

MEDICAL WORDS
NicoleWhat is anesthesia?
$10,000
RichWhat is anesthesia?
$8,000
MattWhat is eutheria
$13,000
anesthesia

Final scores:

Rich Nicole Matt
$21,000 $20,000 $1,000
3-day champion: $80,800 2nd place: $2,000 3rd place: $1,000

Game dynamics:

Coryat scores:

Rich Nicole Matt
$14,000 $8,000 $14,000
15 R,
3 W
(including 1 DD)
13 R
(including 2 DDs),
2 W
21 R,
0 W

Combined Coryat: $36,000

The J! Archive is created by fans, for fans. The Jeopardy! game show and all elements thereof, including but not limited to copyright and trademark thereto, are the property of Jeopardy Productions, Inc. and are protected under law. This website is not affiliated with, sponsored by, or operated by Jeopardy Productions, Inc. Join the discussion at JBoard.tv.